000 00768nam a2200277 i 4500
001 C2-0260829
003 PPAK
005 20180727230437.0
008 041031s1998 my |||| ||||| | may d
020 _a9830572021
040 _aPPAK
_beng
_cPPAK
_erda
082 0 4 _a361.06
_223
090 0 0 _a361.06
_bARR
_dG
100 0 _aA. R. Rahman,
_eauthor
245 1 0 _aKaunseling untuk remaja II
264 1 _aKuala Lumpur :
_bGoodmark Enterprise ,
_c[1998]
300 _a52 pages ;
_c18 cm
336 _2rdacontent
_atext
337 _2rdamedia
_aunmediated
338 _2rdacarrier
_avolume
490 1 _aSiri kaunseling
650 1 0 _aTeenagers ; Teenagers - Counseling of
700 0 _aSulaiman Zakaria,
_eeditor
830 0 _aSiri kaunseling
942 _ddc
_cB
999 _c71578
_d71578